| 000 -LEADER |
| fixed length control field |
01610cas a2200517 a 4500 |
| 001 - CONTROL NUMBER |
| control field |
11348439 |
| 003 - CONTROL NUMBER IDENTIFIER |
| control field |
ASABt |
| 005 - DATE AND TIME OF LATEST TRANSACTION |
| control field |
20180827062624.0 |
| 007 - PHYSICAL DESCRIPTION FIXED FIELD--GENERAL INFORMATION |
| fixed length control field |
t| |
| 008 - FIXED-LENGTH DATA ELEMENTS--GENERAL INFORMATION |
| fixed length control field |
871111d19882000ctugr 0 a0eng c |
| 010 ## - LIBRARY OF CONGRESS CONTROL NUMBER |
| LC control number |
88656250 |
| 016 7# - NATIONAL BIBLIOGRAPHIC AGENCY CONTROL NUMBER |
| Source |
DNLM |
| 016 7# - NATIONAL BIBLIOGRAPHIC AGENCY CONTROL NUMBER |
| Record control number |
SR0062269 |
| Source |
DNLM |
| 016 7# - NATIONAL BIBLIOGRAPHIC AGENCY CONTROL NUMBER |
| Record control number |
009199028 |
| Source |
Uk |
| 020 ## - INTERNATIONAL STANDARD BOOK NUMBER |
| International Standard Book Number |
81-8061-376-3 |
| 022 ## - INTERNATIONAL STANDARD SERIAL NUMBER |
| Incorrect ISSN |
0734-9866 |
| Source |
1 |
| 035 ## - SYSTEM CONTROL NUMBER |
| System control number |
(OCoLC)ocm16965251 |
| 037 ## - SOURCE OF ACQUISITION |
| Source of stock number/acquisition |
Appleton & Lange, 25 Van Zant St. E. Norwalk, CT 06855 |
| 040 ## - CATALOGING SOURCE |
| Original cataloging agency |
ISUM |
| Language of cataloging |
eng |
| Transcribing agency |
ASAB |
| Modifying agency |
DLC |
| -- |
NST |
| -- |
DNLM |
| -- |
MH |
| -- |
DLC |
| -- |
NSDP |
| -- |
OCoLC |
| -- |
MiU |
| -- |
NST |
| -- |
WaU |
| -- |
NST |
| -- |
MH |
| -- |
NBuU-H |
| -- |
TxCM |
| -- |
NL-LeOCL |
| -- |
InU |
| -- |
OCoLC |
| -- |
CNMBL |
| -- |
UKMGB |
| -- |
TULIB |
| -- |
OCLCF |
| -- |
OCoLC |
| 042 ## - AUTHENTICATION CODE |
| Authentication code |
pcc |
| -- |
nsdp |
| 050 00 - LIBRARY OF CONGRESS CALL NUMBER |
| Classification number |
QP514 |
| Item number |
.R4 |
| 060 00 - NATIONAL LIBRARY OF MEDICINE CALL NUMBER |
| Classification number |
W1 |
| Item number |
HA593 |
| 082 00 - DEWEY DECIMAL CLASSIFICATION NUMBER |
| Classification number |
612/.015 |
| Edition number |
19 |
| 100 ## - MAIN ENTRY--PERSONAL NAME |
| Personal name |
by SM Raju / Bindu Madala |
| 9 (RLIN) |
1653 |
| 210 0# - ABBREVIATED TITLE |
| Abbreviated title |
biochem. |
| 222 #0 - KEY TITLE |
| Key title |
illustrated biochemistry |
| 245 00 - TITLE STATEMENT |
| Title |
Illustrated biochemistry. |
| 300 ## - PHYSICAL DESCRIPTION |
| Extent |
505 p. |
| Other physical details |
illustrations ; |
| Dimensions |
26 cm |
| 310 ## - CURRENT PUBLICATION FREQUENCY |
| Current publication frequency |
Biennial |
| 362 0# - DATES OF PUBLICATION AND/OR SEQUENTIAL DESIGNATION |
| Dates of publication and/or sequential designation |
21st ed. (1988)-25th ed. (2000). |
| 590 ## - LOCAL NOTE (RLIN) |
| Local note |
SERBIB/SERLOC merged record |
| 650 #0 - SUBJECT ADDED ENTRY--TOPICAL TERM |
| Topical term or geographic name entry element |
Biochemistry |
| 9 (RLIN) |
1654 |
| 650 #2 - SUBJECT ADDED ENTRY--TOPICAL TERM |
| Topical term or geographic name entry element |
Biochemistry. |
| 9 (RLIN) |
1655 |
| 650 #2 - SUBJECT ADDED ENTRY--TOPICAL TERM |
| Topical term or geographic name entry element |
Molecular Biology. |
| 9 (RLIN) |
1656 |
| 650 #4 - SUBJECT ADDED ENTRY--TOPICAL TERM |
| Topical term or geographic name entry element |
Biochemistry. |
| 9 (RLIN) |
1657 |
| 650 #4 - SUBJECT ADDED ENTRY--TOPICAL TERM |
| Topical term or geographic name entry element |
Molecular biology. |
| 9 (RLIN) |
1658 |
| 650 #6 - SUBJECT ADDED ENTRY--TOPICAL TERM |
| Topical term or geographic name entry element |
Biochimie |
| 9 (RLIN) |
1659 |
| 650 #7 - SUBJECT ADDED ENTRY--TOPICAL TERM |
| Topical term or geographic name entry element |
Biochemistry. |
| 9 (RLIN) |
1660 |
| 650 17 - SUBJECT ADDED ENTRY--TOPICAL TERM |
| Topical term or geographic name entry element |
Biochemie. |
| Source of heading or term |
gtt |
| 9 (RLIN) |
1661 |
| 650 17 - SUBJECT ADDED ENTRY--TOPICAL TERM |
| Topical term or geographic name entry element |
Medische chemie. |
| Source of heading or term |
gtt |
| 9 (RLIN) |
1662 |
| 650 17 - SUBJECT ADDED ENTRY--TOPICAL TERM |
| Topical term or geographic name entry element |
Fysiologische chemie. |
| Source of heading or term |
gtt |
| 9 (RLIN) |
1663 |
| 655 #2 - INDEX TERM--GENRE/FORM |
| Genre/form data or focus term |
Periodicals. |
| 9 (RLIN) |
1664 |
| 655 #7 - INDEX TERM--GENRE/FORM |
| Genre/form data or focus term |
Periodicals. |
| Source of term |
fast |
| 9 (RLIN) |
1665 |
| 906 ## - LOCAL DATA ELEMENT F, LDF (RLIN) |
| a |
7 |
| b |
cbc |
| c |
serials |
| d |
2 |
| e |
ncip |
| f |
19 |
| g |
n-oclcserc |
| 942 ## - ADDED ENTRY ELEMENTS (KOHA) |
| Source of classification or shelving scheme |
|
| Koha item type |
Book |